Národopisné aspekty v kultúre dolnozemských Slovákov zborník prác z rovnomennej medzinárodnej konferencie, ktorá sa konala v Nadlaku 16. - 1. marca 2017

Bibliographic Details
Corporate Author: Národopisné aspekty v kultúre dolnozemských Slovákov Nadlak, Rumunsko (Author)
Other Authors: Ambruš, Miroslav (Editor), Hlásnik, Pavel (Editor), Unc, Bianca (Editor)
Format: Conference Proceeding Book
Language:Slovak
PhysicalDescription:358 strán fotografie, ilustrácie 24 cm
Published: Nadlak Vydavateľstvo - Editura Ivan Krasko 2017
ISBN:9789731071251
Subjects:

MARC

LEADER 00000cam a2200000 4500
001 vtls011865893
003 SK-MaSNL
005 20260301051232.0
008 220509s2017 rm oa gr 000 0 slo
015 |a SNBZSA2021/06 
020 |a 9789731071251  |q (brožované) 
035 |a urn:nbn:sk:snk-am00glmm 
035 |a urn:nbn:sk:snk-am3j7gw 
035 |a 2A03B28A-4A98-4B86-9B46-1D2AE8CF29BA 
040 |a SNK  |b slo  |c SNK  |e rda 
041 0 |a slo 
044 |a rm  |c RO 
072 7 |a 39  |x Etnológia. Etnografia. Folklór  |2 konspekt 
080 |a (=162.4)  |2 2011 
080 |a 316.72/.75-027.22  |2 2011 
080 |a 316.347  |2 2011 
080 |a 39  |2 2011 
080 |a (062.534)  |2 2011 
111 2 |a Národopisné aspekty v kultúre dolnozemských Slovákov  |d (2017 :  |c Nadlak, Rumunsko)  |4 aut  |9 358202 
245 1 0 |a Národopisné aspekty v kultúre dolnozemských Slovákov  |b zborník prác z rovnomennej medzinárodnej konferencie, ktorá sa konala v Nadlaku 16. - 1. marca 2017  |c editori: Miroslav Ambruš, Pavel Hlásnik, Bianca Unc 
264 1 |a Nadlak  |b Vydavateľstvo - Editura Ivan Krasko  |c 2017 
300 |a 358 strán  |b fotografie, ilustrácie  |c 24 cm 
336 |a text  |b txt  |2 rdacontent 
337 |a bez média  |b n  |2 rdamedia 
338 |a zväzok  |b nc  |2 rdacarrier 
504 |a Obsahuje bibliografiu 
650 0 7 |a Slováci v zahraničí  |2 SNKPH  |9 14695 
650 0 7 |a Slovaks in foreign  |2 SNKPHeng  |9 265147 
650 0 7 |a kultúrny život  |2 SNKPH  |9 3182 
650 0 7 |a Cultural life  |2 SNKPHeng  |9 265153 
650 0 7 |a etnicita  |2 SNKPH  |9 4899 
650 0 7 |a Ethnicity  |2 SNKPHeng  |9 268216 
650 0 7 |a etnografia  |2 SNKPH  |9 950 
650 0 7 |a Ethnography  |2 SNKPHeng  |9 265262 
655 7 |a zborníky konferencií  |2 SNKPH  |9 70153 
655 7 |a Proceedings of conferences  |2 SNKPHeng  |9 265791 
700 1 |a Ambruš, Miroslav  |4 edt  |9 358203 
700 1 |a Hlásnik, Pavel  |4 edt  |9 313811 
700 1 |a Unc, Bianca  |4 edt  |9 342436 
919 |a 978-973-107-125-1 
958 |a ZS 
958 |a NB 
958 |a RO 
999 |c 602825  |d 604755 
952 |a SNK  |b SNK  |y PREZ  |7 0  |p 17A1449361  |o snkSC 191785  |i snk2021/800  |8 2  |g 12.78  |0 0  |1 0  |4 0  |d 2020-09-17  |f 1  |l 0  |r 2025-10-08 00:00:00  |w 2026-02-23 
952 |a SNK  |b SNK  |y VYP  |7 0  |p 17A1449360  |o snkSC 191785 D1  |i snk2021/801  |8 2  |g 12.78  |0 0  |1 0  |4 0  |d 2020-09-17  |l 0  |r 2026-02-23 15:59:37  |w 2026-02-23